| 000 | 01301nam a2200325 i 4500 | ||
|---|---|---|---|
| 003 | CO-BoRNBP | ||
| 005 | 20250221181022.0 | ||
| 007 | ta | ||
| 008 | 211021s2021 ck ad||er|||| 00| 0 spa d | ||
| 020 | _a9789587923193 | ||
| 040 |
_aCO-BoRNBP _bspa _erda _cCO-BoRNBP |
||
| 041 | 0 | _aspa | |
| 082 | 0 | 4 |
_a371.334 _bB27t _222 |
| 100 | 1 |
_aBernal Rodríguez, Johanna Farid _eautora _9340 |
|
| 245 | 1 | 0 |
_aTecnologías para un aprendizaje activo _brecursos digitales para innovar en el aula _cJohanna Farid Bernal Rodríguez |
| 250 | _aEdición especial | ||
| 264 | 1 |
_aBogotá, Colombia _bEdiciones de la U Limitada _c2021 |
|
| 300 |
_a235 páginas _bilustraciones en blanco y negro, cuadros _c24 cm |
||
| 336 |
_atexto _btxt _2rdacontent |
||
| 337 |
_asin mediación _bn _2rdamedia |
||
| 338 |
_avolumen _bnc _2rdacarrier |
||
| 490 | 0 | _aPlan Nacional de Lectura y Escritura Leer es mi Cuento / Ministerio de Cultura | |
| 504 | _aIncluye referencias bibliográficas | ||
| 521 | _aRecomendado para público adulto | ||
| 545 | _aIncluye datos biográficos de la autora en la contracarátula | ||
| 650 | 1 | 7 |
_aEducación y tecnología _vGuías _2LEMB _9341 |
| 650 | 1 | 7 |
_aInnovaciones educativas _vGuías _2LEMB _9342 |
| 650 | 1 | 7 |
_aInternet (Red de computadores) en educación _vGuías _2LEMB _9343 |
| 942 |
_2ddc _cBK |
||
| 999 |
_c9245 _d9245 |
||